A ilha do tesoiro (Registo nº 3882)

Detalhes MARC
000 -Etiqueta do registo
Cabeçalho 00811nam0a2200265 4500
005 - Identificador da versão
Campo de controlo 20240813122046.0
095 ## -
-- PTBN00339313
021 ## - Número do Depósito Legal
Código do país PT
Número 40418/90
100 ## - Dados gerais de processamento
Dados gerais de processamento 20170504d1991 cd y0pory5003 ba
102 ## - Pais de publicação ou produção
País de publicação Portugal
101 1# - Língua de publicação
Língua do texto, banda sonora, etc. Português
Língua do documento no original Inglês
215 ## - Descrição física 
Indicação específica da natureza do documento e extensão da espécie 40 p.
Outras indicações físicas todo il. color
200 1# - Titulo e menção de responsabilidade
Título próprio A ilha do tesoiro
Primeira menção de responsabilidade de Robert-Louis Stevenson
Outras menções de responsabilidade adapt. e des. Fernando Bento
225 1# - Colecção 
Título próprio da colecção Clássicos da BD portuguesa
Nome de uma parte ou secção Diabrete
205 ## - Menção da edição
Menção da edição 1ª ed
210 ## - Publicação, Distribuição, etc. 
Lugar da edição, distribuição, etc. Porto
Nome do editor, distribuidor, etc. Asa
Data da publicação, distribuição, etc. 1991
606 ## - Nome comum usado como assunto
Número de registo de entrada de autoridade 0001801
Palavra de ordem Literatura inglesa
Subdivisão de assunto Banda desenhada
Código do sistema CA
675 ## - Classificação Decimal Universal (CDU)
Notação 821.111(084.11)
Edição 3ª ed.
Língua da edição por
702 #1 - Nome de autor-pessoa física (responsabilidade secundária)
Número de registo de entrada de autoridade 0001818
Palavra de ordem Bento
Outra parte do nome não tomada para palavra de ordem Fernando
Datas 1910-1996
Código de função Adaptador
-- Ilustrador / Técnico de desenho computorizado
700 #1 - Nome de autor-pessoa física (responsabilidade principal)
Número de registo de entrada de autoridade 0001817
Palavra de ordem Stevenson
Outra parte do nome não tomada para palavra de ordem Robert Louis
Datas 1850-1894
966 ## - Identificação da Biblioteca
Sigla EBVEN
942 ## - Elementos de entrada adicionados (Koha)
Tipo de item no Koha Livro
Exemplares
Situação do levantamento Origin of item (home branch) (coded) Biblioteca de empréstimo Código de barras Cota Circulation type (not for loan) Tipo de documento Nota do exemplar Damaged status
  Biblioteca Escolar das Vendas Biblioteca Escolar das Vendas BEV851 8BD STE   Livro Sem mensagem